00720nam a22002057a 450000500170000001000150001702000270003203500140005903700130007308200160008610000230010224500470012526000390017227000650021130000220027650000490029894200240034799900190037195201240039020170706123729.0 aENG-119119 a9789384247928c1225.00 aEN-102651 bDBAD/PUB a793.1095452 aGurao, Rajendra G. aStatistical theory /cby Rajendra G. Gurao bchandralok prakashanc2016akanpur a132, shivram kripa, mayur park basant vihar,bkanpure208021 a340.p. c21cm(Hb) aincludes bibliographical refrences and index 2ddccENh519.5mGUR c142324d142324 001040718NFICaDBADbBNd2017-07-06eDBAD/PUBg1225.00l0o519.5 GURpEN-102651r2017-07-06 00:00:00t1v1225.00yEN